| 000 | 01187 a2200253 4500 | ||
|---|---|---|---|
| 003 | Nust | ||
| 005 | 20220720111542.0 | ||
| 010 | _a 2002191160 | ||
| 020 | _a1584883103 (alk. paper) | ||
| 040 | _cNust | ||
| 082 | 0 | 0 | _a003.54,TOG |
| 100 | 1 |
_aTogneri, Roberto. _994019 |
|
| 245 | 1 | 0 |
_aFundamentals of information theory and coding design / _cRoberto Togneri, Christopher J.S. deSilva. |
| 260 |
_aBoca Raton : _bChapman & Hall/CRC, _cc2002. |
||
| 300 |
_axii, 385 p. : _bill. ; _c24 cm. |
||
| 440 | 0 |
_aDiscrete mathematics and its applications _93105 |
|
| 505 | _aEntropy and Information (Page-1), Information Channels (Page-51), Source Coding (Page-105), Data Compression (Page-171), Fundamentals of Channel Coding (Page-199), Error-Correcting Codes (Page-235), Cyclic Codes (Page-281), Burst-Correcting Codes (Page-319). | ||
| 650 | 0 |
_aCoding theory. _93106 |
|
| 650 | 0 |
_aInformation theory. _93107 |
|
| 651 |
_aEntropy and Information Page 1 _xInformation Channels Page 51 _xSource Coding Page 105 _93108 |
||
| 700 | 1 |
_aDeSilva, Christopher J. S. _93109 |
|
| 856 | 4 | 2 |
_3Almirah No. 20 shelf No. 1 _uhttp://www.loc.gov/catdir/enhancements/fy0646/2002191160-d.html |
| 942 |
_cREF _2ddc |
||
| 999 |
_c174718 _d174718 |
||